Personnages Star Wars ou Marvel - Clic Quiz - Statistiques

Statistiques générales
  • Ce quiz a été pris 91 fois
  • Le résultat moyen est 27 sur 30
Statistiques - réponses
Hint Réponse % Correct
pluto.jpg
Star_Wars_Logo.svg
95%
pluto.jpg
Star_Wars_Logo.svg
95%
pluto.jpg
Star_Wars_Logo.svg
95%
pluto.jpg
Star_Wars_Logo.svg
95%
pluto.jpg
Star_Wars_Logo.svg
94%
pluto.jpg
Star_Wars_Logo.svg
94%
pluto.jpg
Star_Wars_Logo.svg
94%
pluto.jpg
Star_Wars_Logo.svg
94%
pluto.jpg
Star_Wars_Logo.svg
94%
pluto.jpg
Star_Wars_Logo.svg
94%
pluto.jpg
Star_Wars_Logo.svg
94%
pluto.jpg
Star_Wars_Logo.svg
92%
pluto.jpg
Star_Wars_Logo.svg
92%
pluto.jpg
Star_Wars_Logo.svg
92%
pluto.jpg
Star_Wars_Logo.svg
91%
pluto.jpg
Star_Wars_Logo.svg
91%
pluto.jpg
Star_Wars_Logo.svg
91%
pluto.jpg
Star_Wars_Logo.svg
91%
pluto.jpg
Star_Wars_Logo.svg
90%
pluto.jpg
Star_Wars_Logo.svg
90%
pluto.jpg
Star_Wars_Logo.svg
89%
pluto.jpg
Star_Wars_Logo.svg
89%
pluto.jpg
Star_Wars_Logo.svg
89%
pluto.jpg
Star_Wars_Logo.svg
89%
pluto.jpg
Star_Wars_Logo.svg
84%
pluto.jpg
Star_Wars_Logo.svg
84%
pluto.jpg
Star_Wars_Logo.svg
82%
pluto.jpg
Star_Wars_Logo.svg
81%
pluto.jpg
Star_Wars_Logo.svg
70%
pluto.jpg
Star_Wars_Logo.svg
68%
Aucun quiz correspondant
Distribution des résultats
% des personnes avec chaque résultat
Percentile par nombre de réponses
Votre historique - résultats
Vous n’avez pas pris ce quiz